| 000 | 00436nam a2200181Ia 4500 | ||
|---|---|---|---|
| 001 | 9587 | ||
| 005 | 20260306161729.0 | ||
| 008 | 260306t1995||||xx |||||||||||||| ||spa|| | ||
| 041 | _aESP | ||
| 082 |
_a382.3 _bM32 |
||
| 100 |
_aMayorga Gutiérrez, David _eAUT |
||
| 245 | 0 | _aCasos peruanos de negocios internacionales | |
| 260 | _c1995 | ||
| 300 |
_a148 páginas : _c |
||
| 650 | _aGEN | ||
| 654 | _aCAN | ||
| 942 |
_cLIB _dJUS _fJUS _2ddc _n |
||
| 999 |
_c9587 _d9587 |
||